00322nam a2200133 4500003000400000008004100004020001800045082001500063100002200078245003500100260002800135300001300163650001200176OSt240702b |||||||| |||| 00| 0 eng d a9780091906382 a146.4bPEP aPEALE, Norman, v. aThe Power Of Positive Thinking aLondonbVermilionc2004 ax, 302p. aGeneral